Normal view
MARC view
- الامين ، عبدالكريم ابراهيم/م مشارك عامر قندلجي ، نزار محمد علي قاسم،عزالدين محمد علي السعيد
Entry Personal Name
001 - CONTROL NUMBER
- control field: 20713
003 - CONTROL NUMBER IDENTIFIER
- control field: JO-AjAnu
005 - DATE AND TIME OF LATEST TRANSACTION
- control field: 20230606073611.0
008 - FIXED-LENGTH DATA ELEMENTS
- fixed length control field: 230606|| aca||aabn | a|a d
040 ## - CATALOGING SOURCE
- Original cataloging agency: JO-AjAnu
- Transcribing agency: JO-AjAnu
100 ## - HEADING--PERSONAL NAME
- Personal name: الامين ، عبدالكريم ابراهيم/م مشارك عامر قندلجي ، نزار محمد علي قاسم،عزالدين محمد علي السعيد
670 ## - SOURCE DATA FOUND
- Source citation: Work cat.: (JO-AjAnu)10640: الامين ، عبدالكريم ابراهيم/م مشارك عامر قندلجي ، نزار محمد علي قاسم،عزالدين محمد علي السعيد , author, طرق واسس تصنيف المكتبات المدرسية